| 000 -CABECERA |
| fixed length control field |
02491nam a22003377a 4500 |
| 003 - IDENTIFICADOR DEL NÚMERO DE CONTROL |
| control field |
AR-CdUCM |
| 008 - DATOS DE LONGITUD FIJA--INFORMACIÓN GENERAL |
| fixed length control field |
190515b ||||| |||| 00| 0 spa d |
| 040 ## - FUENTE DE LA CATALOGACIÓN |
| Agencia/entidad que catalogó originalmente la obra |
MUNICIPALIDAD PROVINCIAL DEL CUSCO |
| Entidad que transcribió la catalogación |
BIBLIOTECA MUNICIPAL DEL CUSCO |
| 082 ## - NÚMERO DE LA CLASIFICACIÓN DECIMAL DEWEY |
| No. de Clasificación |
CroniUrbana/N°11/2006 |
| 110 ## - ENTRADA PRINCIPAL--NOMBRE DE ENTIDAD CORPORATIVA |
| Nombre de la institución, jurisdicción como entrada principal |
Centro de Educación y Comunicación Guamán Poma de Ayala |
| 9 (RLIN) |
47233 |
| 245 ## - MENCIÓN DE TÍTULO |
| Título |
Crónicas Urbanas : |
| Resto del título |
análisis y perspectivas urbano regionales / |
| 260 ## - PUBLICACIÓN, DISTRIBUCIÓN, ETC. |
| Lugar de publicación, distribución, etc. |
Cusco : |
| Nombre de la editorial, distribuidor, etc. |
Centro Guamán Poma de Ayala, |
| Fecha de publicación, distribución, etc. |
2006. |
| 300 ## - DESCRIPCIÓN FÍSICA |
| Nº de Páginas Extensión |
132 páginas. : |
| Otros detalles físicos |
ilustraciones ; |
| Dimensiones |
30 cm. |
| 440 ## - MENCIÓN DE SERIE/PUNTO DE ACCESO ADICIONAL--TÍTULO |
| Título |
Revista Crónicas Urbanas. |
| Número de la parte/sección de una obra |
Añño X, N°11, 2006 |
| 9 (RLIN) |
47243 |
| 505 ## - NOTA DE CONTENIDO CON FORMATO |
| Nota de contenido formateada |
Contenido: Etnicidad y política, los puentes entre lo ideal y lo real. Gonzalo Portocarrero. -- Militares, eticidad y campesinado en el Perú agenda para una investigación. Cecilia Méndez. -- Exclusión y revancha lógicas autoritarias versus cultura democrática en el Perú. Karina Pacheco Medrano. -- Universalistas y particularistas dos maneras de entender la política. Antonio Pérez Valerga. -- ¿Quiénes somos? multiculturalismo y relaciones interétnicas en América Latina. Luis Esteban Gonzáles Manrique. -- Entrevista a Nelson Manrique no hay democracia con racismo. Luis Nieto Degregori. -- Conclusiones críticas sobre la identidad Cultural. Pedro Gómez García. -- Ley de bases de Municipalidades reconocimiento de nuestra diversidad y desarrollo de autonomía local. Hildebrando Castro Pozo Díaz. -- La resurrección del Inca, el papel de las representaciones indígenas en la invención de la nación peruana. Antoinette Molinié. -- La nación en venta bricheros turismo y mercado en el Perú contemporáneo. Víctor Vich. -- ¿Comentarios reales o inventados? los profesores cusqueños tienen la palabra. Carlos Miguel Salazar Zagazeta. -- Clorinda Matto de Turner infatigable obrera del pensamiento. Rocío Ferreira. -- Kukuli. Gabriela Martínez. |
| 650 ## - PUNTO DE ACCESO ADICIONAL DE MATERIA--TÉRMINO DE MATERIA |
| Descriptor |
Historia Urbana |
| 9 (RLIN) |
13611 |
| 650 ## - PUNTO DE ACCESO ADICIONAL DE MATERIA--TÉRMINO DE MATERIA |
| Descriptor |
Desarrollo Urbano |
| 9 (RLIN) |
14520 |
| 650 ## - PUNTO DE ACCESO ADICIONAL DE MATERIA--TÉRMINO DE MATERIA |
| Descriptor |
Política |
| 9 (RLIN) |
291 |
| 650 ## - PUNTO DE ACCESO ADICIONAL DE MATERIA--TÉRMINO DE MATERIA |
| Descriptor |
Historia del Cusco |
| 9 (RLIN) |
1714 |
| 650 ## - PUNTO DE ACCESO ADICIONAL DE MATERIA--TÉRMINO DE MATERIA |
| Descriptor |
Desarrollo económico |
| 9 (RLIN) |
1696 |
| 650 ## - PUNTO DE ACCESO ADICIONAL DE MATERIA--TÉRMINO DE MATERIA |
| Descriptor |
Política indígena |
| 9 (RLIN) |
47238 |
| 700 ## - PUNTO DE ACCESO ADICIONAL--NOMBRE DE PERSONA |
| Nombre Personal |
Vich, Víctor |
| 9 (RLIN) |
47244 |
| 700 ## - PUNTO DE ACCESO ADICIONAL--NOMBRE DE PERSONA |
| Nombre Personal |
Portocarrero, Gonzalo |
| 9 (RLIN) |
2259 |
| 700 ## - PUNTO DE ACCESO ADICIONAL--NOMBRE DE PERSONA |
| Nombre Personal |
Méndez, Cecilia |
| 9 (RLIN) |
47245 |
| 700 ## - PUNTO DE ACCESO ADICIONAL--NOMBRE DE PERSONA |
| Nombre Personal |
Pérez Valerga, Antonio |
| 9 (RLIN) |
47246 |
| 700 ## - PUNTO DE ACCESO ADICIONAL--NOMBRE DE PERSONA |
| Nombre Personal |
Nieto Degregori, Luis |
| 9 (RLIN) |
6534 |
| 700 ## - PUNTO DE ACCESO ADICIONAL--NOMBRE DE PERSONA |
| Nombre Personal |
Gómez García, Pedro |
| 9 (RLIN) |
47247 |
| 710 ## - PUNTO DE ACCESO ADICIONAL--NOMBRE DE ENTIDAD CORPORATIVA |
| Nombre corporativo (En letras Mayúsculas) |
Centro Guamán Poma de Ayala |
| 9 (RLIN) |
20511 |
| 942 ## - ELEMENTOS DE PUNTO DE ACCESO ADICIONAL (KOHA) |
| Fuente de clasificación |
|
| Tipo de item |
Revistas cusqueñas |
| 945 ## - PROCESAMIENTO DE INFORMACIÓN LOCAL (OCLC) |
| Catalogador |
vhl |